US Historical Figure by Category Tile Select Quiz - Statistics

General Stats
  • This quiz has been taken 14 times
  • The average score is 55 of 80
Answer Stats
Question Tile Select % Correct
Presidents Abraham Lincoln Yes
100%
Presidents Barack Obama Yes
100%
Presidents Calvin Coolidge Yes
100%
Presidents George Washington Yes
100%
Presidents John F. Kennedy Yes
100%
Presidents John James Audobon No
100%
Presidents Lee Harvey Oswald No
100%
Presidents Martin Luther King, Jr. No
100%
Presidents Alexander Hamilton No
93%
Presidents Benjamin Franklin No
93%
Presidents John Brown No
93%
Presidents John Wesley Powell No
93%
Presidents Martin Van Buren Yes
93%
Presidents William Penn No
93%
Presidents James Garfield Yes
86%
First Ladies Abigail Adams Yes
79%
Abolitionists Andrew Jackson No
79%
Native American personages Buffalo Horn No
79%
First Ladies Condoleezza Rice No
79%
First Ladies Eleanor Roosevelt Yes
79%
First Ladies Elizabeth Cady Stanton No
79%
First Ladies Gretchen Whitmer No
79%
First Ladies Helen Keller No
79%
Abolitionists Herbert Hoover No
79%
First Ladies Juliette Gordon Low No
79%
First Ladies Lady Bird Johnson Yes
79%
First Ladies Lisa McClain No
79%
First Ladies Martha Washington Yes
79%
Abolitionists Robert E. Lee No
79%
Native American personages Stands-With-A-Fist No
79%
Native American personages Toriano No
79%
Native American personages Waukewa No
79%
Visual Artists Andy Warhol Yes
71%
Abolitionists A. Philip Randolph No
71%
Visual Artists Charles Ives No
71%
Native American personages Chief Mahtoree No
71%
Native American personages Crazy Horse Yes
71%
First Ladies Dolley Madison Yes
71%
Visual Artists George S. Patton No
71%
Visual Artists Hannibal Hamlin No
71%
Visual Artists Jackson Pollock Yes
71%
Visual Artists James Stewart No
71%
Visual Artists John Barrasso No
71%
Presidents John Tyler Yes
71%
First Ladies Kamala Harris No
71%
Native American personages Kaya'aton'my No
71%
Visual Artists Madeleine Korbel Albright No
71%
Native American personages Pocahontas Yes
71%
Visual Artists Sarah Yorke Jackson No
71%
Native American personages Sitting Bull Yes
71%
Native American personages Tachechana No
71%
Abolitionists Thurgood Marshall No
71%
First Ladies Tina Smith No
71%
Visual Artists William Still No
71%
Abolitionists Zachary Taylor No
71%
Native American personages Geronimo Yes
64%
Abolitionists Harriet Tubman Yes
64%
Visual Artists Norman Rockwell Yes
64%
Native American personages Sacagawea Yes
64%
First Ladies Sarah Polk Yes
64%
Visual Artists Georgia O'Keeffe Yes
57%
Abolitionists Harriet Beecher Stowe Yes
57%
Native American personages Little Bear No
57%
Abolitionists Fannie Lou Hamer No
50%
First Ladies Helen Taft Yes
50%
Visual Artists Jean-Michel Basquiat Yes
50%
Abolitionists Rosa Parks No
50%
Abolitionists Sojourner Truth Yes
50%
Native American personages Squanto Yes
50%
Abolitionists Frederick Douglass Yes
43%
Native American personages Tecumseh Yes
43%
Visual Artists Edward Hopper Yes
36%
Abolitionists John Brown Yes
36%
Visual Artists Mary Cassatt Yes
36%
Native American personages Chief Joseph Yes
29%
Abolitionists Frances Ellen Watkins Harper Yes
29%
Visual Artists Keith Haring Yes
29%
Abolitionists Phillis Wheatley Yes
29%
Abolitionists William Lloyd Garrison Yes
7%
First Ladies Emily Donelson Yes
0%
No matching quizzes found
Score Distribution
Percent of People with Each Score
Percentile by Number Answered
Your Score History
You have not taken this quiz